ბათუმის შოთა რუსთაველის სახელმწიფო უნივერსიტეტის ბიბლიოთეკა

Основы проектирования кондитерских фабрик. (ბიბ.ჩანაწერი № 42620)

000 -LEADER
fixed length control field 00728nam a2200217Ia 4500
001 - CONTROL NUMBER
control field 9324
003 - CONTROL NUMBER IDENTIFIER
control field GE_BSU
008 - FIXED-LENGTH DATA ELEMENTS--GENERAL INFORMATION
fixed length control field 181216s||||||||xx |||||||||||||| ||und||
040 ## - CATALOGING SOURCE
Transcribing agency GE_BSU
080 ## - UNIVERSAL DECIMAL CLASSIFICATION NUMBER
Universal Decimal Classification number 658.2+664
100 ## - MAIN ENTRY--PERSONAL NAME
Personal name Мамонтов,К.Я. Мамонтова,М.М.
245 ## - TITLE STATEMENT
Title Основы проектирования кондитерских фабрик.
245 ## - TITLE STATEMENT
Remainder of title Учебное пособие.
245 ## - TITLE STATEMENT
Statement of responsibility, etc. Ред. Н.Н.Бородина.
260 ## - PUBLICATION, DISTRIBUTION, ETC.
Place of publication, distribution, etc. М.
260 ## - PUBLICATION, DISTRIBUTION, ETC.
Name of publisher, distributor, etc. Высшая школа.
260 ## - PUBLICATION, DISTRIBUTION, ETC.
Date of publication, distribution, etc. 1967.
300 ## - PHYSICAL DESCRIPTION
Extent 324 стр. с илл. 22см. Библиогр.: стр.333.
653 ## - INDEX TERM--UNCONTROLLED
Uncontrolled term Основы проектирования кондитерских фабрик.
942 ## - ADDED ENTRY ELEMENTS (KOHA)
Koha item type წიგნი
ეგზემპლარები
Withdrawn status Lost status Damaged status Not for loan Date acquired Barcode Date last seen Price effective from Koha item type
        2018-12-17 12103 2018-12-17 2018-12-17 წიგნი